Регионална библиотека "Любен Каравелов" - Русе

Let them eat cake! (Запис номер 72240)

MARC детайли
000 -Лидер
Контролно поле с фиксирана дължина 00791nam a2200277 c 4500
003 - Код на организацията, давaща контролен номер
Контролно поле BLK
005 - Дата и час на последна редакция
Контролно поле 20180420223911.0
008 - Елементи от данни с фиксирана дължина
fixed length control field 180408b bul|||||r ||||||| ||bul||
010 ## - Наследен системен номер
LC control number KNG00076615000
020 ## - Международен стандартен номер на книга ISBN
Международен стандартен номер на книга ISBN 1-86105-457-2
-- издат.: Robson Books
040 ## - Източник на каталожния запис
Идентификатор на билиотеката - собственик на записа BLK
041 ## - Код за език
Код за езика на текст/звукозапис или на отделно заглавие Английски
Код за езика КДБФ Английски
080 ## - УДК
Текстов определител УДК Английска литература
УДК код - определител по УДК 821.111
УДК определител -32
УДК - код + определител 821.111-32
100 1# - Редна дума - Автор
Автор Regan, Geoffrey
Авторска отговорност първи автор
R(LIN) 22186
139 ## - Редно поле
Редна дума Regan, Geoffrey
Авторски знак Reg - R 35
245 10 - Сведения за заглавието
Заглавие Let them eat cake!
Редно поле (дума) Geoffrey Regan.
257 ## - Страна на издаване
Страна на създаване/издаване Великобритания
260 ## - Област на издателските данни
-- London
Име на издателя, разпространителя и проч. Robson Books
Година на издаване 2001
300 ## - Физическа характеристика
Страници 296 p.
Размери/Мащаб 20 cm
380 ## - Жанр
Жанр Худож. лит.
852 ## - Местоположение
Форматна сигнатура Цб 130466
856 4# - Електронен адрес и достъп
Електронен формат pdf - файл
Път до файла /url/
856 4# - Електронен адрес и достъп
Електронен формат pdf - файл
Път до файла /url/
942 ## - АРТИКУЛИ
Вид на библиотечния материал Книги
Скрит в OPAC Не
944 ## - СЪЗДАВАНЕ И РЕДАКЦИЯ на ЗАПИСА
Създаване/Редакция Създаване
Дата на регистрацията/редакция 30.07.2007
Служител, извършил регистрацията/редакцията Цветанка_Енчева
944 ## - СЪЗДАВАНЕ И РЕДАКЦИЯ на ЗАПИСА
Създаване/Редакция Редакция
Дата на регистрацията/редакция 03.08.2007
Служител, извършил регистрацията/редакцията
999 ## - СИСТЕМНИ КОНТРОЛНИ НОМЕРА
Koha biblionumber 72240
Koha biblioitemnumber 72240
Наличности
Код за отписване Код за изгубен артикул Код за повреда Коз за рестрикции Код за отдаване Артикулен № Име на библиотеката - собственик Име на библиотеката, в която се намира в момента Статус (Текущо местоположение) Дата на вписване в системата Местоположение - отдел Цена в лева Инвентарен номер Систематично азбучна сигнатура Баркод Номер на екземпляра Цена в евро Служебна бележка Служебен тип на артикула
  Не е изгубен Не е повреден без рестрикции заемане за дома 117780 Регионална библиотека "Любен Каравелов" Русе Регионална библиотека "Любен Каравелов" Русе ЧЧЗО - англ. ез. - Британски съвет 2007-07-30 ЧЧЗО - англ. ез. - Британски съвет 8.00 120000715732 Ч3 820-32/R 35 120000715732 1 4.09 Дост: DA Вид: А N: 8 Дата: 30.07.2007 Дата инв: 13.03.2015 Бележки инв: Ч32015 Книги
Vip Innovations Ltd, Rousse, Bulgaria 2025